000
00301nam a2200109Ia 4500
008
180116s9999 xx 000 0 und d
020
_a
9781305574779
245
_c
Dakota Mitchell, Lee Haroun
_a
Introduction to Health Care
250
_a
4th ed
260
_b
Cengage Learning
_c
2012
300
_a
618 pages
999
_c
353270
_d
353270